|
|
|
|
| LEADER |
00961nam a2200229 a 4500 |
| 001 |
4800087 |
| 008 |
100922s1995 mnua b 001 0 eng d |
| 010 |
|
|
|a 88000222
|
| 020 |
|
|
|a 0314601740
|
| 040 |
|
|
|a DLC
|c DLC
|d DLC
|d DB-DhAAL
|
| 082 |
0 |
0 |
|a 004.2/2
|2 20
|
| 100 |
1 |
|
|a Rafiquzzaman, Mohamed.
|
| 245 |
1 |
0 |
|a Fundamentals of computer system architecture /
|c Mohamed Rafiquzzaman
|
| 260 |
|
|
|a St. Paul :
|b West Pub. Co.,
|c c1995.
|
| 300 |
|
|
|a xii, 410 p. :
|b ill. ;
|c 25 cm.
|
| 504 |
|
|
|a Includes bibliographies and index.
|
| 541 |
1 |
|
|e 00006637
|
| 650 |
|
0 |
|a Computer architecture.
|
| 852 |
4 |
|
|a Ayesha Abed Library
|j General Shelf.
|
| 999 |
|
|
|c 9514
|d 9514
|
| 952 |
|
|
|0 0
|1 0
|2 ddc
|4 0
|6 004_220000000000000_RAF_1995
|7 0
|9 11950
|a BRACUL
|b BRACUL
|c GEN
|d 2010-09-22
|l 0
|o 004.22 RAF
|p 3010006637
|r 2010-09-22
|t 1
|w 2010-09-22
|y BK
|
| 952 |
|
|
|0 0
|1 0
|2 ddc
|4 0
|6 004_220000000000000_RAF_1995
|7 0
|9 15898
|a BRACUL
|b BRACUL
|c GEN
|d 2011-03-28
|l 0
|o 004.22 RAF
|p 3010006658
|r 2011-03-28
|t 2
|w 2011-03-28
|y BK
|